[Event "Oberliga Sued W 1718"]
[Site "Germany"]
[Date "2017.11.12"]
[Round "4.2"]
[White "Klein, Joachim"]
[Black "Bernhardt, Rolf"]
[Result "1-0"]
[WhiteElo "2170"]
[BlackElo "2247"]
[PlyCount "105"]
[EventDate "2017.09.10"]
[EventType "team-tourn"]
[EventRounds "11"]
[EventCountry "GER"]
[SourceTitle "EXT 2019"]
[Source "ChessBase"]
[SourceDate "2018.10.10"]
[SourceVersion "1"]
[SourceVersionDate "2018.10.10"]
[SourceQuality "1"]
[WhiteTeam "Illingen Turm"]
[BlackTeam "Landau"]
[WhiteTeamCountry "GER"]
[BlackTeamCountry "GER"]

1. e4 e5 2. Nf3 Nc6 3. Nc3 Nf6 4. Bb5 Bb4 5. d3 0-0 6. 0-0 Bxc3 7. bxc3 d6 8. a4 Ne7 9. Re1 Ng6 10. d4 c6 11. Bf1 Qc7 12. Bg5 Ne8 13. Nh4 h6 14. Nxg6 fxg6 15. Be3 Be6 16. a5 Nf6 17. f3 g5 18. Qd2 g4 19. dxe5 dxe5 20. Bc5 Rfd8 21. Qf2 gxf3 22. gxf3 Nd7 23. Be3 Rf8 24. Be2 Kh7 25. Kh1 b5 26. axb6 axb6 27. Rxa8 Rxa8 28. Rg1 c5 29. Qh4 Nf8 30. f4 exf4 31. Bxf4 Qf7 32. Bh5 Qf6 33. Qg3 g6 34. Be2 Ra7 35. Bd6 Rf7 36. Rf1 Qd8 37. Rxf7+ Bxf7 38. Qf4 Kg8 39. Bg4 h5 40. Bh3 g5 41. Qg3 g4 42. Bg2 Ng6 43. e5 Qg5 44. Qe1 Nf4 45. Qe3 h4 46. Be7 Qf5 47. Qe4 Bg6 48. Qa8+ Kh7 49. Bf6 Kh6 50. Bc6 g3 51. Qh8+ Bh7 52. Qg7+ Kh5 53. Bf3+ 1-0

[Event "Oberliga Sued W 1617"]
[Site "Germany"]
[Date "2016.09.25"]
[Round "1.6"]
[White "Bernhardt, Rolf"]
[Black "Dauenheimer, Torsten"]
[Result "1/2-1/2"]
[WhiteElo "2233"]
[BlackElo "2206"]
[PlyCount "28"]
[EventDate "2016.09.25"]
[EventType "team-tourn"]
[EventRounds "9"]
[EventCountry "GER"]
[SourceTitle "EXT 2018"]
[Source "ChessBase"]
[SourceDate "2017.10.13"]
[SourceVersion "1"]
[SourceVersionDate "2017.10.13"]
[SourceQuality "1"]
[WhiteTeam "Landau"]
[BlackTeam "Worms"]
[WhiteTeamCountry "GER"]
[BlackTeamCountry "GER"]

1. e4 e6 2. d4 d5 3. e5 c5 4. c3 Nc6 5. Nf3 Bd7 6. dxc5 Bxc5 7. Bd3 f6 8. Qe2 fxe5 9. Nxe5 Nxe5 10. Qxe5 Nf6 11. 0-0 0-0 12. Be3 Bxe3 13. Qxe3 Qc7 14. Nd2 e5 1/2-1/2

[Event "BL2-Sued 1516"]
[Site "Germany"]
[Date "2016.02.21"]
[Round "7.5"]
[White "Zude, Arno"]
[Black "Bernhardt, Rolf"]
[Result "1-0"]
[WhiteElo "2389"]
[BlackElo "2229"]
[PlyCount "67"]
[EventDate "2015.09.20"]
[EventType "team-tourn"]
[EventRounds "9"]
[EventCountry "GER"]
[SourceTitle "EXT 2017"]
[Source "ChessBase"]
[SourceDate "2016.10.25"]
[SourceVersion "1"]
[SourceVersionDate "2016.10.25"]
[SourceQuality "1"]
[WhiteTeam "Hofheim"]
[BlackTeam "Landau"]
[WhiteTeamCountry "GER"]
[BlackTeamCountry "GER"]

1. e4 e5 2. Nf3 Nc6 3. Bb5 a6 4. Ba4 Nf6 5. 0-0 Be7 6. Re1 b5 7. Bb3 d6 8. c3 0-0 9. h3 Nb8 10. d4 Nbd7 11. Bc2 Bb7 12. a4 c5 13. d5 Ne8 14. b3 g6 15. Bh6 Ng7 16. Nbd2 f5 17. c4 b4 18. exf5 gxf5 19. Qb1 e4 20. Nxe4 fxe4 21. Bxe4 Kh8 22. Bxh7 Bf6 23. Ra2 Ne5 24. Nxe5 Bxe5 25. Rxe5 dxe5 26. Bxg7+ Kxg7 27. Qg6+ Kh8 28. Qh6 Qe7 29. Bf5+ Kg8 30. Be6+ Rf7 31. d6 Qe8 32. d7 Qe7 33. Re2 e4 34. Re3 1-0

[Event "Oberliga Sued W 1314"]
[Site "Germany"]
[Date "2013.12.15"]
[Round "4.5"]
[White "Endress, Anna"]
[Black "Bernhardt, Rolf"]
[Result "1-0"]
[WhiteElo "2138"]
[BlackElo "2277"]
[PlyCount "141"]
[EventDate "2013.10.13"]
[EventType "team-tourn"]
[EventRounds "9"]
[EventCountry "GER"]
[SourceTitle "EXT 2015"]
[Source "ChessBase"]
[SourceDate "2014.11.20"]
[SourceVersion "1"]
[SourceVersionDate "2014.11.20"]
[SourceQuality "1"]
[WhiteTeam "Schott Mainz II"]
[BlackTeam "Landau"]
[WhiteTeamCountry "GER"]
[BlackTeamCountry "GER"]

1. e4 e5 2. Nf3 Nc6 3. Bc4 Nf6 4. d3 Be7 5. 0-0 0-0 6. Nbd2 d6 7. c3 Na5 8. Bb5 a6 9. Ba4 b5 10. Bc2 c5 11. Re1 Nc6 12. Nf1 Re8 13. h3 Bf8 14. Bg5 h6 15. Bh4 Be7 16. d4 Nd7 17. Bxe7 Nxe7 18. Qd2 Qc7 19. Rad1 Nb6 20. Ne3 Ng6 21. dxc5 dxc5 22. Qd6 Ra7 23. Bb3 c4 24. Bc2 Nd7 25. Nf5 Nc5 26. g3 Be6 27. h4 f6 28. Qxc7 Rxc7 29. Rd6 Ne7 30. Nh2 Nc8 31. Rd2 Rd7 32. Red1 Red8 33. Rxd7 Rxd7 34. Rxd7 Bxd7 35. Nf1 Be6 36. N1e3 Nb6 37. Ne7+ Kf7 38. N7d5 Bxd5 39. exd5 Nca4 40. Bf5 Nc5 41. h5 Nba4 42. Bg6+ Kf8 43. d6 Nxb2 44. Nd5 Nb7 45. d7 Na4 46. f3 Nac5 47. Be8 Ne6 48. Kf2 Nbd8 49. Ke3 Nc6 50. Ke4 Ned8 51. f4 exf4 52. gxf4 Ne6 53. Kf5 Nc5 54. Kg6 a5 55. a3 Nb7 56. Kh7 Ncd8 57. f5 Nd6 58. Nf4 Nxe8 59. dxe8Q+ Kxe8 60. Kxg7 Ke7 61. Ng6+ Kd6 62. Kxf6 b4 63. cxb4 c3 64. Nf4 axb4 65. axb4 Nc6 66. b5 c2 67. Nd3 Nb4 68. Nc1 Kc5 69. b6 Nd5+ 70. Ke6 Nxb6 71. f6 1-0

[Event "Oberliga Sued W 1213"]
[Site "Germany"]
[Date "2012.10.21"]
[Round "1.5"]
[White "Carow, Annelen"]
[Black "Bernhardt, Rolf"]
[Result "1/2-1/2"]
[WhiteElo "1990"]
[BlackElo "2288"]
[PlyCount "134"]
[EventDate "2012.10.21"]
[EventType "team-tourn"]
[EventRounds "9"]
[EventCountry "GER"]
[SourceTitle "EXT 2019"]
[Source "ChessBase"]
[SourceDate "2018.10.10"]
[SourceVersion "1"]
[SourceVersionDate "2018.10.10"]
[SourceQuality "1"]
[WhiteTeam "Heidesheim"]
[BlackTeam "Landau"]
[WhiteTeamCountry "GER"]
[BlackTeamCountry "GER"]

1. d4 Nf6 2. c4 e6 3. Nc3 Bb4 4. Qc2 c5 5. dxc5 0-0 6. Nf3 Na6 7. a3 Bxc3+ 8. Qxc3 Nxc5 9. Bf4 d5 10. e3 b6 11. Rd1 Bd7 12. b4 Nce4 13. Qd4 Ba4 14. Rc1 Rc8 15. Bd3 Bb5 16. 0-0 Bxc4 17. Bxc4 dxc4 18. Rxc4 Qxd4 19. Rxd4 Rc3 20. a4 Ra3 21. b5 Rc8 22. Ne5 Nc3 23. Nc6 Ra8 24. Rc4 Ne8 25. g3 Nxa4 26. Rfc1 Nc5 27. Rd1 f6 28. Bb8 a6 29. Rd8 Kf7 30. Rxc5 bxc5 31. b6 Rb3 32. Rd7+ Kg6 33. b7 Rxb7 34. Rxb7 a5 35. Ra7 Rxa7 36. Bxa7 c4 37. Nxa5 c3 38. Nb3 e5 39. f3 Kf5 40. Kf2 e4 41. f4 Ke6 42. Bd4 Kd5 43. Ke2 Kc4 44. Nc5 Nd6 45. g4 Nb5 46. Nxe4 Nxd4+ 47. exd4 Kxd4 48. Nf2 g6 49. h4 f5 50. g5 c2 51. Kd2 c1Q+ 52. Kxc1 Ke3 53. Nh3 Kf3 54. Ng1+ Kf2 55. Nh3+ Kg2 56. h5 Kxh3 57. hxg6 hxg6 58. Kd2 Kh2 59. Kd3 Kg2 60. Kd4 Kf2 61. Ke5 Kg3 62. Kf6 Kxf4 63. Kxg6 Ke5 64. Kh7 f4 65. g6 f3 66. g7 f2 67. g8Q f1Q 1/2-1/2

[Event "Oberliga Sued W 0910"]
[Site "Germany"]
[Date "2009.12.13"]
[Round "4.3"]
[White "Scheuermann, Gerhard"]
[Black "Bernhardt, Rolf"]
[Result "0-1"]
[WhiteElo "2186"]
[BlackElo "2278"]
[PlyCount "64"]
[EventDate "2009.10.18"]
[EventType "team-tourn"]
[EventRounds "9"]
[EventCountry "GER"]
[SourceTitle "EXT 2011"]
[Source "ChessBase"]
[SourceDate "2010.11.26"]
[SourceVersion "1"]
[SourceVersionDate "2010.11.26"]
[SourceQuality "1"]
[WhiteTeam "Schwarzenbach"]
[BlackTeam "Landau"]
[WhiteTeamCountry "GER"]
[BlackTeamCountry "GER"]

1. e4 e5 2. Nf3 Nc6 3. d4 exd4 4. Nxd4 Bc5 5. Nb3 Bb6 6. Qe2 Qf6 7. Nc3 Nge7 8. Be3 Bxe3 9. Qxe3 a6 10. 0-0-0 0-0 11. h4 d6 12. Be2 b5 13. g4 Re8 14. g5 Qe6 15. Bd3 b4 16. Ne2 a5 17. Kb1 a4 18. Nbd4 Nxd4 19. Nxd4 Qe5 20. Bc4 Bb7 21. Qf3 Bxe4 22. Qxf7+ Kh8 23. f4 Qa5 24. Rhe1 Bg6 25. Qe6 b3 26. Qg4 Nf5 27. Rxe8+ Rxe8 28. Bd3 Nxd4 29. Bxg6 hxg6 30. Rxd4 Re1+ 31. Rd1 Qd2 32. axb3 Qxd1+ 0-1

[Event "Oberliga Sued W 0809"]
[Site "Germany"]
[Date "2009.03.01"]
[Round "7.3"]
[White "Bernhardt, Rolf"]
[Black "Tabatt, Hendrik"]
[Result "1-0"]
[WhiteElo "2282"]
[BlackElo "2315"]
[PlyCount "77"]
[EventDate "2008.10.05"]
[EventType "team-tourn"]
[EventRounds "11"]
[EventCountry "GER"]
[SourceTitle "EXT 2012"]
[Source "ChessBase"]
[SourceDate "2011.11.24"]
[SourceVersion "1"]
[SourceVersionDate "2011.11.24"]
[SourceQuality "1"]
[WhiteTeam "Landau"]
[BlackTeam "Schwarzenbach"]
[WhiteTeamCountry "GER"]
[BlackTeamCountry "GER"]

1. e4 c5 2. c3 d6 3. d4 Nf6 4. Bd3 g6 5. e5 dxe5 6. dxe5 c4 7. Qa4+ Nc6 8. Bxc4 Nd7 9. e6 fxe6 10. Qd1 Qb6 11. Nf3 Nde5 12. Nxe5 Nxe5 13. Be2 Bg7 14. Qb3 Qc7 15. Na3 0-0 16. Nb5 Qc6 17. 0-0 Qe4 18. Nd4 Bd7 19. Be3 Kh8 20. Rae1 b6 21. Bg5 Rf7 22. Nxe6 Bc6 23. f3 Qf5 24. Bh4 Qh5 25. Bg3 Nd7 26. Ng5 Qxg5 27. Qxf7 Bf6 28. Qe6 Ba4 29. b3 Nc5 30. Qc4 Be8 31. b4 Na4 32. Bf4 Qf5 33. Bd3 Rc8 34. Qa6 Qd7 35. Bb5 Qxb5 36. Qxc8 Nxc3 37. Rxe7 Bxe7 38. Qxc3+ Kg8 39. Bh6 1-0

[Event "Oberliga Sued W 0607"]
[Site "Germany"]
[Date "2006.11.19"]
[Round "4.3"]
[White "Bernhardt, Rolf"]
[Black "Kuklin, Valentin"]
[Result "0-1"]
[WhiteElo "2357"]
[BlackElo "2322"]
[PlyCount "100"]
[EventDate "2006.10.15"]
[EventType "team-tourn"]
[EventRounds "9"]
[EventCountry "GER"]
[SourceTitle "EXT 2009"]
[Source "ChessBase"]
[SourceDate "2008.11.26"]
[SourceVersion "1"]
[SourceVersionDate "2008.11.26"]
[SourceQuality "1"]
[WhiteTeam "Landau"]
[BlackTeam "Saarbruecken"]
[WhiteTeamCountry "GER"]
[BlackTeamCountry "GER"]

1. e4 e6 2. d4 d5 3. e5 c5 4. c3 Nc6 5. Nf3 Nge7 6. Bd3 cxd4 7. cxd4 Nf5 8. Bxf5 exf5 9. Qb3 Qb6 10. Qxb6 axb6 11. Ke2 Be6 12. Bd2 b5 13. Nc3 b4 14. Nb5 Kd7 15. Rhc1 Be7 16. Ne1 Ra5 17. a4 bxa3 18. Bxa5 axb2 19. Bb6 Ra8 20. Rab1 bxc1Q 21. Rxc1 Ra6 22. Bc5 Bxc5 23. dxc5 Nxe5 24. f4 Nc6 25. Nc2 Ra4 26. g3 Rc4 27. Kd2 Rxc5 28. Rb1 d4 29. Nbxd4 Nxd4 30. Nxd4 Bd5 31. Rb2 Be4 32. Nb5 Rd5+ 33. Kc3 Rd1 34. Kb4 Kc6 35. Nc3 Re1 36. Ne2 Rb1 37. Rxb1 Bxb1 38. Nc3 Bd3 39. Nd1 Kd5 40. Kc3 Be2 41. Nf2 Bf1 42. Kd2 Kd4 43. Ke1 Bc4 44. Kd2 b5 45. Nh3 h6 46. Nf2 g6 47. h3 h5 48. h4 f6 49. Nh3 Ke4 50. Ng1 b4 0-1

[Event "Oberliga Sued W 0506"]
[Site "Germany"]
[Date "2006.04.02"]
[Round "9.4"]
[White "Schluchter, Steffen"]
[Black "Bernhardt, Rolf"]
[Result "0-1"]
[WhiteElo "2042"]
[BlackElo "2273"]
[PlyCount "78"]
[EventDate "2005.10.23"]
[EventType "team-tourn"]
[EventRounds "9"]
[EventCountry "GER"]
[SourceTitle "EXT 2007"]
[Source "ChessBase"]
[SourceDate "2006.11.23"]
[SourceVersion "1"]
[SourceVersionDate "2006.11.23"]
[SourceQuality "1"]
[WhiteTeam "Mutterstadt"]
[BlackTeam "Landau"]
[WhiteTeamCountry "GER"]
[BlackTeamCountry "GER"]

1. c4 e5 2. Nc3 Nc6 3. g3 Bc5 4. Bg2 d6 5. Nf3 f5 6. 0-0 Nf6 7. Na4 e4 8. Ne1 0-0 9. Nxc5 dxc5 10. d3 Be6 11. b3 Qe8 12. Be3 b6 13. Qc2 Bf7 14. Rd1 Bh5 15. Rd2 exd3 16. Nxd3 Ne4 17. Rdd1 g5 18. a3 Rd8 19. Nb2 Nd4 20. Bxd4 cxd4 21. Na4 c5 22. b4 cxb4 23. axb4 b5 24. Nc5 Nc3 25. Ra1 Qxe2 26. Qc1 Qe7 27. Kh1 bxc4 28. Re1 Be2 29. Ra6 Rd6 30. Rxe2 Qxe2 31. Rxd6 d3 32. Qxg5+ Kh8 33. h3 Qe1+ 34. Kh2 Ne2 35. h4 Qg1+ 36. Kh3 Qxf2 37. h5 Ng1+ 38. Kh4 Nf3+ 39. Bxf3 Qh2# 0-1

[Event "Oberliga Sued W 0405"]
[Site "Germany"]
[Date "2005.04.10"]
[Round "9.4"]
[White "Fritsche, Lutz"]
[Black "Bernhardt, Rolf"]
[Result "0-1"]
[WhiteElo "2292"]
[BlackElo "2212"]
[PlyCount "64"]
[EventDate "2004.10.03"]
[EventType "team-tourn"]
[EventRounds "9"]
[EventCountry "GER"]
[SourceTitle "EXT 2009"]
[Source "ChessBase"]
[SourceDate "2008.11.26"]
[SourceVersion "1"]
[SourceVersionDate "2008.11.26"]
[SourceQuality "1"]
[WhiteTeam "Koblenz 25"]
[BlackTeam "Landau"]
[WhiteTeamCountry "GER"]
[BlackTeamCountry "GER"]

1. e4 e5 2. Bc4 Nf6 3. d3 c6 4. Qe2 Be7 5. Nf3 0-0 6. Nc3 d6 7. h3 Nbd7 8. a4 a5 9. 0-0 h6 10. Be3 Re8 11. Nh2 Nf8 12. f4 exf4 13. Bxf4 d5 14. Bb3 Ne6 15. Be5 Bc5+ 16. Kh1 Nd4 17. Bxd4 Bxd4 18. Qd2 Bxc3 19. Qxc3 dxe4 20. dxe4 Rxe4 21. Rae1 Qe7 22. Rxe4 Qxe4 23. Nf3 Nd5 24. Qc5 Be6 25. Re1 Qf4 26. Qd4 Qg3 27. Re4 Bxh3 28. gxh3 Qxf3+ 29. Kh2 Rd8 30. Bc4 c5 31. Qe5 Qf2+ 32. Kh1 Ne3 0-1

[Event "Oberliga Sued W 0405"]
[Site "Germany"]
[Date "2005.01.30"]
[Round "6.3"]
[White "Becker, Joerg"]
[Black "Bernhardt, Rolf"]
[Result "0-1"]
[WhiteElo "2118"]
[BlackElo "2212"]
[PlyCount "74"]
[EventDate "2004.10.03"]
[EventType "team-tourn"]
[EventRounds "9"]
[EventCountry "GER"]
[SourceTitle "EXT 2009"]
[Source "ChessBase"]
[SourceDate "2008.11.26"]
[SourceVersion "1"]
[SourceVersionDate "2008.11.26"]
[SourceQuality "1"]
[WhiteTeam "Schwarzenbach"]
[BlackTeam "Landau"]
[WhiteTeamCountry "GER"]
[BlackTeamCountry "GER"]

1. Nf3 d5 2. g3 Bg4 3. Bg2 Nd7 4. d3 e6 5. Nbd2 Bd6 6. 0-0 Ne7 7. Qe1 c5 8. e4 Qc7 9. c3 0-0 10. d4 Bxf3 11. Nxf3 dxe4 12. Ng5 cxd4 13. cxd4 Nd5 14. Bd2 N7f6 15. Nxe4 Nxe4 16. Qxe4 Rac8 17. Rfc1 Qb6 18. b3 Ba3 19. Rc4 Rc6 20. Rxc6 Qxc6 21. Bf1 Qb6 22. Rd1 Rd8 23. Qh4 h6 24. Bd3 Be7 25. Qe4 Nf6 26. Qf3 Kf8 27. Be3 Nd5 28. Bc4 Qa5 29. a4 a6 30. Rc1 Ba3 31. Rc2 Ke7 32. Re2 Bb4 33. Bf4 Kf8 34. Re5 Bd6 35. Re2 Nxf4 36. gxf4 Qf5 37. Qxb7 Qxf4 0-1